Normal view
MARC view
- Nicolayev, Jennie
Entry NOMBRE PERSONAL
001 - NUMERO DE CONTROL DEL REGISTRO
- Campo de control: 139311
003 - IDENTIFICADOR DEL NÚMERO DE CONTROL
- Campo de control: ES-SlBCS
005 - FECHA Y HORA DE LA ÚLTIMA TRANSACCIÓN
- Campo de control: 20210327224502.0
008 - ELEMENTOS DE LONGITUD FIJA
- Campos de control de longitud fija: 210327|| aca||aabn | a|a d
040 ## - FUENTE DE LA CATALOGACIÓN
- Agencia que crea de manera original el registro: ES-SlBCS
- Agencia que realiza la transcripción: ES-SlBCS
100 ## - ENCABEZAMIENTO - NOMBRE PERSONAL
- Nombre personal: Nicolayev, Jennie
670 ## - FUENTE EN LA QUE SE LOCALIZARON DATOS
- Cita de la fuente: Work cat.: (ES-SlBCS)512464: Phillips, D. C. 139211, Kohlbergian Moral Development: A Progressing or Degenerating Research Program?
